000 02449cam a22005534i 4500
003 PE-LiUPU
005 20250731165451.0
008 150623s r 000 0 d
020 _a1850758131
035 _a(Sirsi) i9781850758136
040 _aPE-LiUPU
_bspa
_cPE-LiUPU
_erda
049 _aPRUA
245 0 0 _aSocial scientific old testament criticism.
_n47.
264 1 _aSheffield, Great Britain :
_bSheffield Academic Press,
_c1997.
300 _a395 páginas ;
_c24 centímetros
336 _atext
_2rdacontent
337 _aunmediated
_2rdamedia
338 _avolume
_2rdacarrier
490 0 _aThe Biblical Seminar, A Sheffield Reader ;
_v47
500 _aing. 44288: 17j98.
504 _aBibliografía al final de algunos capítulos.
505 0 _aTheory and methodology. -Sociology of knowledge. -Early Israel in sociological and anthropological perspective. -The regulation of social life: law, ethics and deviance. -Stratification, power and social justice. -Social groupings and social roles.
526 _aSEG44
526 _aSEG26
526 _aP151
526 _aP150
526 _aP149
526 _aP146
526 _aP145
526 _aP126
526 _aP125
526 _aP92
526 _aP75
526 _aP74
526 _aP27
526 _aP15
650 0 4 _aJudíos
_xCivilización
_yHacia 70 A.D.
650 0 4 _aJudíos
_xHistoria
_yHacia 70 A.D.
700 1 _aChalcraft, David J.,
_eed.
942 _2ddc
_cBOOK
949 _aRC 221.07 BS 47
_wDEWEY
_c1
_i45221
_lCCODEBUL1
_mBUL
_r0
_sY
_tBOOK
_u2015-6-24
_xTEOLOGIA
_zUNKNOWN
_0COMPRA
_o.CIRCNOTE. No olvidar cambiar la fecha de devolución!!!!!!!
_o.STAFF. Colección General
949 _aRC 221.07 BS 47
_wDEWEY
_c2
_i44288
_lCCODEBUL1
_mBUL
_r0
_sY
_tBOOK
_u2015-6-24
_xTEOLOGIA
_PP35
_0COMPRA
_o.CIRCNOTE. No olvidar cambiar la fecha de devolución!!!!!!!
_o.STAFF. Colección General
994 _aC0
_bPEPRU
596 _a1
999 _aRC 221.07 BS 47
_wDEWEY
_c21170
_i45221
_f2021-11-8
_g6
_lCCODEBUL1
_mBUL
_r1
_sY
_tBOOK
_u2015-6-24
_xTEOLOGIA
_zUNKNOWN
_0COMPRA
_o.CIRCNOTE. No olvidar cambiar la fecha de devolución!!!!!!!
_o.STAFF. Colección General
_d21170
999 _aRC 221.07 BS 47
_wDEWEY
_c2
_i44288
_f2021-11-8
_g6
_lCCODEBUL1
_mBUL
_r1
_sY
_tBOOK
_u2015-6-24
_xTEOLOGIA
_PP35
_0COMPRA
_o.CIRCNOTE. No olvidar cambiar la fecha de devolución!!!!!!!
_o.STAFF. Colección General
980 _81
_gALBERTO SANCHEZ Responsable de Automatización